| 000 | 00525nam a2200169Ia 4500 | ||
|---|---|---|---|
| 005 | 20250424120312.0 | ||
| 008 | 250424s9999 xx 000 0 und d | ||
| 022 | _a11184035 | ||
| 050 | _aRC 466.83.N6 .N54/ | ||
| 245 | 0 | _aNigerian journal of clinical and counselling psychology. | |
| 260 | _aIbadan, Nigeria | ||
| 260 | _bHis lineage publishing house | ||
| 260 | _c2018 | ||
| 300 | _aviii, 352 p. :ill. ; 21 cm. | ||
| 650 | _aClinical psychology--Nigeria--Periodicals. Counseling--Nigeria--Periodicals. | ||
| 942 | _cSR | ||
| 999 |
_c38536 _d38536 |
||